00273nam a2200121Ia 45000030006000000080041000060400015000471000018000622450033000802600009001135460012001220050017001340STCL150530s9999 xx 000 0 und d aSTCLcSTCL aHelen Gardner aComposition of four quartets c1978 aEnglish20220125170857.0